| 000 | 00818nam a22002177a 4500 | ||
|---|---|---|---|
| 003 | 0 | ||
| 005 | 20250822103357.0 | ||
| 008 | 250822b xxu||||| |||| 00| 0 eng d | ||
| 020 | _a978-93-48196-88-0 | ||
| 050 |
_aPR 888.C6 _b.A44 2025 |
||
| 100 |
_aAllen, Oscar, _eauthor. |
||
| 245 |
_aIntroduction to contemporary English literature / _cOscar Allen. |
||
| 260 |
_aNew Delhi, India : _bVenus Books, _c2025. |
||
| 300 |
_aix, 292 pages ; _c24 cm. |
||
| 504 | _aIncludes bibliographical references and index. | ||
| 650 |
_aEnglish literature _x20th century _xHistory and criticism. |
||
| 650 |
_aEnglish literature _x21st century _xHistory and criticism. |
||
| 650 |
_aLiterature, Modern _x20th century _xHistory and criticism. |
||
| 650 |
_aLiterature, Modern _x21st century _xHistory and criticism. |
||
| 942 |
_2lcc _cBK |
||
| 999 |
_c367561 _d367561 |
||